000 00316nam a22001217a 4500
008 230620b xxu||||| |||| 00| 0 eng d
082 _a320.94
_bNOU
100 _cJaakko Nousiainen
245 _aThe Finnish Political System
260 _aCambridge
_bHarvard University press
_c1971
300 _a454p
942 _2ddc
_cBK
999 _c1657
_d1657